00000000nam 2200000zi 4500
0019.930741
003CaOODSP
00520250130090652
006m     o  d f      
007cr |n|||||||||
008230913e201503##oncdab  ob   f|0| 0 eng d
040 |aCaOODSP|beng|erda|cCaOODSP
043 |an-cn---
0861 |aEn14-532/2015E-PDF
24500|aCharacterization and management of construction, renovation and demolition waste in Canada foundation document : |bfinal report to Environment Canada / |cKelleher Environmental, Guy Perry and Associates, in association with Robins Environmental.
24617|aCharacterization and management of construction, renovation and demolition (CRD) waste in Canada
264 1|a[Ottawa] : |bEnvironment Canada, |cMarch 2015.
300 |a1 online resource (viii, [6], 251 pages) : |bcharts, illustrations, maps
336 |atext|btxt|2rdacontent
337 |acomputer|bc|2rdamedia
338 |aonline resource|bcr|2rdacarrier
500 |aDigitized edition from print [produced by Environment and Climate Change Canada].
504 |aIncludes bibliographical references.
520 |a"The purpose of the Foundation Document is to gather current available information concerning the characterization and management of CRD waste in Canada. This work will support efforts by Environment Canada and other interested stakeholders to improve knowledge of: SoI in CRD waste, current CRD management approaches and best practices in Canada, CRD waste recycling and disposal infrastructure in Canada and existing markets for recovered CRD waste materials. Moreover, this work may identify opportunities to enhance resource recovery and environmentally sound management of CRD waste in Canada"--Executive Summary, page i.
650 0|aConstruction industry|xWaste disposal|zCanada.
650 6|aConstruction|xIndustrie|xDéchets|xÉlimination|zCanada.
7101 |aCanada. |bEnvironment Canada, |eissuing body.
7101 |aKelleher Environmental, |econsultant.
7101 |aGuy Perry and Associates, |econsultant.
85640|qPDF|s13.20 MB|uhttps://publications.gc.ca/collections/collection_2025/eccc/En14-532-2015-eng.pdf